000 00664nam a2200169Ia 4500
008 090711s9999 xx 000 0 und d
082 _b72517
100 _aगावडे सुरेखा
245 _aसह्याद्रीSाी लेक हिमालयाSया कुशीत
260 _c1993
300 _a81
600 _aगावडे सुरेखा
630 _aसह्याद्रीSाी लेक हिमालयाSया कुशीत
700 _aगावडे सुरेखा
730 _aसह्याद्रीSाी लेक हिमालयाSया कुशीत
942 _cBOOK
999 _c291732
_d291732